Music Quiz

Random Music Quiz

Iron Maiden Most Played Live Songs Quiz Stats

Quiz not verified by Sporcle

Challenge
Share
Tweet
Embed
Score 0/25 Timer 10:00
1 Play Today
Rank Answer % Correct
1.Iron Maiden
96.1%
2.The Number of the Beast
95%
5.Run to the Hills
94%
4.The Trooper
92.9%
3.Hallowed Be Thy Name
90.4%
20.Aces High
89.7%
10.Fear of the Dark
89.4%
6.2 Minutes to Midnight
84.8%
18.Wasted Years
84%
8.Wrathchild
80.1%
13.Phantom of the Opera
77.3%
9.Running Free
76.2%
25.Can I Play With Madness
73.8%
Rank Answer % Correct
19.Rime of the Ancient Mariner
71.6%
11.The Evil That Men Do
70.2%
17.Revelations
65.2%
7.Sanctuary
61%
14.The Clairvoyant
56.4%
16.22 Acacia Avenue
55%
22.Prowler
54.6%
12.Heaven Can Wait
51.4%
24.Die With Your Boots On
50.7%
23.Transylvania
44.3%
21.Afraid to Shoot Strangers
33.3%
15.Drifter
29.1%

You're not logged in!

Compare scores with friends on all Sporcle quizzes.
Join for Free
OR
Log In

You Might Also Like...

Show Comments

Extras

Top Quizzes Today


Score Distribution

Your Account Isn't Verified!

In order to create a playlist on Sporcle, you need to verify the email address you used during registration. Go to your Sporcle Settings to finish the process.

Report this User

Report this user for behavior that violates our Community Guidelines.

Details: